OMAN' 97: (Record no. 187209)
[ view plain ]
| 000 -LEADER | |
|---|---|
| fixed length control field | 01474 a2200181 4500 |
| 003 - CONTROL NUMBER IDENTIFIER | |
| control field | Nust |
| 005 - DATE AND TIME OF LATEST TRANSACTION | |
| control field | 20230202130454.0 |
| 040 ## - CATALOGING SOURCE | |
| Transcribing agency | Nust |
| 082 ## - DEWEY DECIMAL CLASSIFICATION NUMBER | |
| Classification number | 953.53,OMA |
| 100 ## - MAIN ENTRY--PERSONAL NAME | |
| Personal name | Bin Said, Sultan Qaboos, |
| 9 (RLIN) | 108485 |
| 245 ## - TITLE STATEMENT | |
| Title | OMAN' 97: |
| Statement of responsibility, etc. | Sultan Qaboos Bin Said / |
| 260 ## - PUBLICATION, DISTRIBUTION, ETC. | |
| Place of publication, distribution, etc. | Ministry of Infromation |
| Name of publisher, distributor, etc. | Establishment for press |
| Date of publication, distribution, etc. | 1997 |
| 300 ## - PHYSICAL DESCRIPTION | |
| Extent | 246 p |
| Other physical details | digars , maps |
| Dimensions | illus |
| Accompanying material | 18 cm |
| 505 ## - FORMATTED CONTENTS NOTE | |
| Formatted contents note | H.M Sultan Qaboos Bin Said Al Said (Page-8), Basic Statute of the State (Page-21), History (Page-36), Geography (Page-40), Government and Legal Affairs (Page-46), Foreign Affairs (Page-54), Information (Page-68), Defense (Page-75), Royal Oman Police (Page-86), National Economy and Development (Page-92), Commerce and Industry (Page-106), Oil and Gas (Page-122), Minerals (Page-131), Agriculture (Page-134), Fisheries (Page-143), Water Resources (Page-146), Domestic Water (Page-153), Electricity (Page-155), Social Affairs and Labor (Page-159), Communication (Page-165), Posts and Telecommunication (Page-174), Education (Page-182), Higher Education (Page-187), Youth (Page-193), Health (Page-202), Housing (Page-209), National Heritage and Culture (Page-213), Interior (Page-220), Regional Municipalities and Environments (Page-222), Justice Awqaf and Islamic Affairs (Page-232), Civil Service (Page-238), Vocational Training (Page-241), Oman in Brief (Page-245). |
| 600 ## - SUBJECT ADDED ENTRY--PERSONAL NAME | |
| Personal name | Bin Said, Sultan Qaboos, |
| 9 (RLIN) | 108485 |
| 650 ## - SUBJECT ADDED ENTRY--TOPICAL TERM | |
| Topical term or geographic name entry element | Sultanate of Oman |
| 9 (RLIN) | 108486 |
| 942 ## - ADDED ENTRY ELEMENTS (KOHA) | |
| Source of classification or shelving scheme | |
| Koha item type | Book |
| Withdrawn status | Lost status | Source of classification or shelving scheme | Damaged status | Not for loan | Permanent Location | Current Location | Shelving location | Date acquired | Shelving control number | Full call number | Barcode | Date last seen | Price effective from | Koha item type | Public note |
|---|---|---|---|---|---|---|---|---|---|---|---|---|---|---|---|
| Military College of Signals (MCS) | Military College of Signals (MCS) | General Stacks | 12/12/2016 | History | 953.53,OMA | MCS22636 | 12/08/2016 | 12/12/2016 | Book | Almirah No.61, Shelf No.2 | |||||
| Military College of Signals (MCS) | Military College of Signals (MCS) | General Stacks | 12/12/2016 | History | 953.53,OMA | MCS3634 | 12/08/2016 | 12/12/2016 | Book | Almirah No.61, Shelf No.2 |
